Management III management lidských zdrojů
Uložené v:
| Hlavný autor: | |
|---|---|
| Korporativný autor: | |
| Médium: | Kniha |
| Jazyk: | Czech |
| Vydavateľské údaje: |
Praha
Soukromá vysoká škola ekonomických studií
2003
|
| Predmet: | |
| Tagy: |
Žiadne tagy, Buďte prvý, kto otaguje tento záznam!
|
MARC
| LEADER | 00000nam$a2200000$$$4500 | ||
|---|---|---|---|
| 001 | 0036517 | ||
| 005 | 20240226134153.0 | ||
| 020 | |a 80-86744-04-3 | ||
| 041 | 0 | |a cze | |
| 044 | |a CZ | ||
| 245 | 1 | 0 | |a Management III |b management lidských zdrojů |c Zbyněk Pitra |
| 264 | 1 | |a Praha |b Soukromá vysoká škola ekonomických studií |c 2003 | |
| 300 | |a 274 s. | ||
| 610 | 2 | 0 | |a manažment |
| 610 | 2 | 0 | |a riadenie ľudských zdrojov |
| 610 | 2 | 0 | |a výkony pracovné |
| 610 | 2 | 0 | |a rozvoj pracovníkov |
| 610 | 2 | 0 | |a spôsobilosť k práci |
| 610 | 2 | 0 | |a výcvik |
| 610 | 2 | 0 | |a komunikácia interná |
| 610 | 2 | 0 | |a komunikácia externá |
| 610 | 2 | 0 | |a odmeňovanie |
| 610 | 2 | 0 | |a riadenie zmien |
| 610 | 2 | 0 | |a zmeny organizačné |
| 100 | 1 | |a Pitra, Zbyněk | |
| 710 | 2 | |a Soukromá vysoká škola ekonomických studií | |